000 00556nmm a2200169Ia 4500
008 251105s9999||||xx |||||||||||||||||und||
020 _a9788481697209
041 _aspa
100 _aLevoratti , Armando J.
245 0 _aComentario Bíblico Latinoamericano :
_b Antiguo testamento II. libros proféticos y sapienciales
264 _a[Madrid, España] :
_bEditorial Verbo Divino,
_c2007
300 _a973 páginas
490 _aEdiciones bíblicas EVD
650 _aReligion(s)
856 _uhttps://public.digitaliapublishing.com/a/1142
942 _cCF
999 _c85968
_d85968